Confronting the powers : (Record no. 4132)

MARC details
000 -LEADER
fixed length control field 00974cam a2200277 a 4500
001 - CONTROL NUMBER
control field 4927699
003 - CONTROL NUMBER IDENTIFIER
control field OSt
005 - DATE AND TIME OF LATEST TRANSACTION
control field 20181129111941.0
008 - FIXED-LENGTH DATA ELEMENTS--GENERAL INFORMATION
fixed length control field 951204s1996 caub b 001 0 eng
010 ## - LIBRARY OF CONGRESS CONTROL NUMBER
LC control number 95051972
020 ## - INTERNATIONAL STANDARD BOOK NUMBER
International Standard Book Number 0830718192
040 ## - CATALOGING SOURCE
Original cataloging agency DLC
Transcribing agency DLC
Modifying agency DLC
050 00 - LIBRARY OF CONGRESS CALL NUMBER
Classification number BT975
Item number .W24 1996
082 00 - DEWEY DECIMAL CLASSIFICATION NUMBER
Classification number 235.4
Edition number 20
Item number P888C
100 1# - MAIN ENTRY--PERSONAL NAME
Personal name Wagner, C. Peter.
245 10 - TITLE STATEMENT
Title Confronting the powers :
Remainder of title how the new testament church experienced the power of strategic-level spiritual warfare /
Statement of responsibility, etc. C. Peter Wagner.
260 ## - PUBLICATION, DISTRIBUTION, ETC.
Place of publication, distribution, etc. Ventura, Calif., U.S.A. :
Name of publisher, distributor, etc. Regal Books,
Date of publication, distribution, etc. c1996.
300 ## - PHYSICAL DESCRIPTION
Extent 272 p. :
Other physical details map ;
Dimensions 22 cm.
440 #0 - SERIES STATEMENT/ADDED ENTRY--TITLE
Title The Prayer warrior series
504 ## - BIBLIOGRAPHY, ETC. NOTE
Bibliography, etc. note Includes bibliographical references and index.
650 #0 - SUBJECT ADDED ENTRY--TOPICAL TERM
Topical term or geographic name entry element Spiritual warfare.
650 #0 - SUBJECT ADDED ENTRY--TOPICAL TERM
Topical term or geographic name entry element Powers (Christian theology)
906 ## - LOCAL DATA ELEMENT F, LDF (RLIN)
a 7
b cbc
c orignew
d 1
e ocip
f 19
g y-gencatlg
942 ## - ADDED ENTRY ELEMENTS (KOHA)
Source of classification or shelving scheme Dewey Decimal Classification
Koha item type Books
Holdings
Withdrawn status Lost status Source of classification or shelving scheme Damaged status Not for loan Collection code Home library Current library Shelving location Date acquired Cost, normal purchase price Total Checkouts Full call number Barcode Date last seen Price effective from Koha item type
    Dewey Decimal Classification     Non-fiction Harvest Mission College Harvest Mission College General Stacks 29.11.2018 560.00   235.4 P888C 004723 29.11.2018 29.11.2018 Books

OPAC Designed and Maintained by HMC Library Team.
Copyright © HMC Library,Greater Noida, UP.
For any Suggestions/Query Contact library via Email:libhmc@gmail.com